000 01151cam a22003617a 4500
003 CHAP
005 20220817043451.0
008 980825s1996 it a r 00010 eng d
010 _a76018
011 _a76990
020 _a92510387569
035 _a86585
040 _cCHAP
082 0 4 _a631.7
_bF3y v.55
110 2 _aFAO
245 1 0 _aControl of water pollution from agriculture
_c/by Edwin D. Ongley
260 _aRome :
_bFAO,
_c1996
300 _a101 p. :
_bilus.
490 0 _aRiego y drenaje
_v; 55
590 _aBATCH-UPD
_b10
_c20130110
_lUCH01
_h0716
590 _aBATCH-UPD
_b10
_c20130410
_lUCH01
_h0401
590 _aBATCH-UPD
_b10
_c20130914
_lUCH01
_h0312
590 _aCONVERSION
_b10
_c20130109
_lUCH01
_h1342
650 1 4 _aAgua para irrigacion.
_92430
650 1 4 _aAgua
_xContaminación.
_92351
700 0 _aOngley, Edwin D.
_983312
830 0 _aRiego y drenaje
_v; 55
_997387
901 _aBK
905 _aLilia Sánchez G.
942 _cLIBRO
949 _a631.7 F3 v.55
_bBC
_cFAO
_d33724000696761
_eFAO1
_gDonaciØn
_h93829
_i86585
_sb
949 _a631.7 F3 v.55
_bBC
_cFAO
_d33724000698726
_eFAO2
_fc.2
_gDonaciØn
_h93830
_i86585
_sb
999 _c76018
_d76018